| 000 | 01146nam a2200349 a 4500 | ||
|---|---|---|---|
| 001 | 22777 | ||
| 003 | SK-KTurca | ||
| 005 | 20260423130911.0 | ||
| 008 | 040628s2003 xo acb g rd 001 0 slo c | ||
| 020 | _a8088719194 (viaz.) | ||
| 035 | _aUKB000342661 | ||
| 040 |
_aBA001 _bslo _cBA001 _eAACR2 |
||
| 041 | 1 |
_aslo _hspa |
|
| 044 |
_axo _cSK |
||
| 080 | _a613.2 | ||
| 080 | _a641.56 | ||
| 100 | 1 | _aPamplona-Roger, George D. | |
| 245 | 0 | 0 |
_aZdravie a sila v potrave _bkniha o správnom a nesprávnom výbere toho, čo jeme _cGeorge D. Pamplona-Roger ; [fotografie Ángel Chicharro ... et al. ; zo španielskeho originálu preložila Agentúra LEXIS Martin] |
| 250 | _a1. vyd | ||
| 260 |
_aVrútky _bAdvent-Orion _c2003 |
||
| 300 | _a383 s | ||
| 490 | 1 | _aŽivot a zdravie | |
| 504 | _aBibliogr. s. 369-375. Reg. s. 8-11, 376-383 | ||
| 650 | 0 | 7 |
_apotraviny _xúčinky liečivé _xpopis terapeutický _xrecepty |
| 653 | _a613.2 | ||
| 653 | _a641.56 | ||
| 710 | 0 |
_aAgentúra LEXIS Martin _4trl |
|
| 760 | 1 | _tŽivot a zdravie | |
| 765 | 0 |
_tHealthy foods _aPamplona-Roger, George D. |
|
| 830 | 0 | _aŽivot a zdravie | |
| 942 |
_2ddc _cOLDO _n0 |
||
| 999 |
_c22777 _d22777 |
||